000 00470nam a2200181Ia 4500
003 GCL
008 140319s9999 xx 000 0 eng d
040 _aGCL /
_cGCL
082 0 4 _a843
_bM P
100 1 _aMOALOUJ, AMIN
245 1 0 _aLE PREMIER SIECLE APRES BEOTRICE /
_cMOALOUJ, AMIN
260 _a[S.N] :
_bG . RASSET & FASGULLE ،
_c1992
300 _a189 P
650 0 4 _aLITERATURE
650 0 4 _aFRENCH FICTION
650 0 4 _aFRENCH LITERATURE
942 _2ddc
_cBK
999 _c15353
_d15353